|
|
|
|
| LEADER |
00000cam a22000004a 4500 |
| 001 |
musev2_71510 |
| 003 |
MdBmJHUP |
| 005 |
20230905051352.0 |
| 006 |
m o d |
| 007 |
cr||||||||nn|n |
| 008 |
181109r20192018quc o 00 0 fre d |
| 020 |
|
|
|a 9782763741833
|
| 020 |
|
|
|z 9782763741826
|
| 035 |
|
|
|a (OCoLC)1132226941
|
| 040 |
|
|
|a MdBmJHUP
|c MdBmJHUP
|
| 100 |
1 |
|
|a Montigny, Éric,
|e auteur.
|
| 245 |
1 |
0 |
|a Leadership et militantisme au Parti québécois. De Lévesque à Lisée. Édition revue et augmentée /
|c Éric Montigny.
|
| 250 |
|
|
|a Édition revue et augmentee.
|
| 264 |
|
1 |
|a Ottawa, Ontario :
|b Bibliotheque numerique canadienne,
|c 2019.
|
| 264 |
|
3 |
|a Baltimore, Md. :
|b Project MUSE,
|c 2020
|
| 264 |
|
4 |
|c ©2019.
|
| 300 |
|
|
|a 1 online resource (208 pages):
|b illustrations.
|
| 336 |
|
|
|a text
|b txt
|2 rdacontent
|
| 337 |
|
|
|a computer
|b c
|2 rdamedia
|
| 338 |
|
|
|a online resource
|b cr
|2 rdacarrier
|
| 490 |
0 |
|
|a Democratie et institutions parlementaires
|
| 500 |
|
|
|a Publie dans le cadre de la desLibris la collection des documents electroniques canadiens.
|
| 500 |
|
|
|a "Fonde en 1968, le Parti quebecois se retrouve 50 ans plus tard à un moment critique de son parcours politique. Il lutte aujourd'hui pour maintenir son statut de parti dominant, un statut qu'il a herite de Rene Levesque. Drôle d'anniversaire que celui de vivre sa crise de la cinquantaine. Son declin n'est cependant pas etranger à l'erosion du rêve qu'il a su incarner aupres de la generation du baby-boom. Il decoule aussi d'une certaine incapacite de renouveler son discours, de s'adapter à une societe quebecoise qui a profondement change."--Resume de l'editeur.
|
| 588 |
|
|
|a Description based on print version record.
|
| 610 |
2 |
7 |
|a Parti quebecois.
|2 fast
|0 (OCoLC)fst00555460
|
| 610 |
2 |
6 |
|a Parti quebecois.
|
| 610 |
2 |
0 |
|a Parti quebecois.
|
| 650 |
|
7 |
|a Politics and government.
|2 fast
|0 (OCoLC)fst01919741
|
| 650 |
|
7 |
|a Political participation.
|2 fast
|0 (OCoLC)fst01069386
|
| 650 |
|
7 |
|a Political leadership.
|2 fast
|0 (OCoLC)fst01069363
|
| 650 |
|
6 |
|a Leadership politique
|z Quebec (Province)
|
| 650 |
|
6 |
|a Participation politique
|z Quebec (Province)
|
| 650 |
|
6 |
|a Partis politiques
|z Quebec (Province)
|
| 650 |
|
0 |
|a Political participation
|z Quebec (Province)
|
| 650 |
|
0 |
|a Political leadership
|z Quebec (Province)
|
| 651 |
|
7 |
|a Quebec.
|2 fast
|0 (OCoLC)fst01207316
|
| 651 |
|
0 |
|a Quebec (Province)
|x Politics and government.
|
| 655 |
|
6 |
|a Livres electroniques.
|
| 655 |
|
7 |
|a Electronic books.
|2 local
|
| 710 |
2 |
|
|a Bibliotheque numerique canadienne (Firme),
|e distributeur.
|
| 710 |
2 |
|
|a Project Muse.
|e distributor
|
| 830 |
|
0 |
|a Book collections on Project MUSE.
|
| 856 |
4 |
0 |
|z Texto completo
|u https://projectmuse.uam.elogim.com/book/71510/
|
| 945 |
|
|
|a Project MUSE - Custom Collection
|
| 945 |
|
|
|a Project MUSE - 2018 Political Science and Policy Studies Supplement
|
| 945 |
|
|
|a Project MUSE - 2018 Complete Supplement
|